Datamation

Gespeichert in:
Bibliographische Detailangaben
Format: Schriftenreihe
Sprache:Englisch
Veröffentlicht: Barrington Technical Publ. Co. 1972
Schlagworte:
Tags: Tag hinzufügen
Keine Tags, Fügen Sie das erste Tag hinzu!

MARC

LEADER 00000nas2a2200000 4500
001 0010295
005 20250730114250.3
022 |a 0011-6963 
041 0 |a eng 
044 |a US 
245 1 0 |a Datamation 
264 1 |a Barrington  |b Technical Publ. Co.  |c 1972 
300 |a 2 zv. 
773 0 |w eu_un_cat*s120621 
610 2 0 |a počítače 
610 2 0 |a dáta 
610 2 0 |a softvér 
610 2 0 |a siete počítačové